| 000 | 00963nam a2200289 c 4500 | ||
|---|---|---|---|
| 999 |
_c343401 _d343401 |
||
| 003 | BLK | ||
| 005 | 20191002160547.0 | ||
| 008 | 180911b bul|||||r ||||||| ||bul|| | ||
| 010 | _a003062 | ||
| 040 | _aBLK | ||
| 041 |
_aDEU _cBUL |
||
| 080 | _z830.09 | ||
| 100 | 1 |
_aBIELSCHOWSKY, Albert _eпърви автор _9398256 |
|
| 245 | 0 | 0 | _aFriederike und Lili |
| 246 | _aFunf Goethe Aufs. | ||
| 260 |
_aMunchen _bT. H. Beck _c1906 |
||
| 300 |
_aX, 210 с., 1 л _bпортр. _c19 см |
||
| 380 | _a82 | ||
| 490 |
_aЧастна колекция - Академик Михаил Арнаудов _gДарение - Основен фонд |
||
| 500 | _a Датиране на книгата : 5. Х. 07. - Михаил Арнаудов: подпис | ||
| 520 | _aМихаил Арнаудов: негови-книга | ||
| 655 |
_aЛитературознание _9396446 |
||
| 700 | 1 |
_aAlbert Bielschowsky _9398257 |
|
| 852 | _aМА 1536 | ||
| 942 |
_cKNG _n0 _s1 |
||
| 944 |
_aCR _c1996 _kValK |
||
| 999 | _d343401 | ||